Normal view MARC view

Entry Personal Name

Number of records used in: 4

001 - CONTROL NUMBER

  • control field: 34968

003 - CONTROL NUMBER IDENTIFIER

  • control field: dpl

005 - DATE AND TIME OF LATEST TRANSACTION

  • control field: 20110928112216.0

008 - FIXED-LENGTH DATA ELEMENTS

  • fixed length control field: 110928|||a|||||| | ||| d

040 ## - CATALOGING SOURCE

  • Original cataloging agency: dpl
  • Transcribing agency: dpl

100 ## - HEADING--PERSONAL NAME

  • Personal name: Mishra, Subodh Kumar

670 ## - SOURCE DATA FOUND

  • Source citation: Work cat.: (dpl): Sawarkar, Kranti P. 34967, Promoting tourism in India:, 2010

670 ## - SOURCE DATA FOUND

  • Source citation: Work cat.: (dpl): Sawarkar, Kranti P. 34967, Promoting tourism in India:, 2010

© Delhi Public Library
Hit Counter
free hit counter